000 00363 a2200097 4500
100 1 _aManczarski, S..
_eAutor
700 1 _aRucińska, H..
_eAutor
245 0 _aPrzestrzenne promieniowanie anteny wzdłużnej j/8DD/1/0,5 nad ziemią idealną /
_cManczarski S., Rucińska H..
710 2 _aInstytut Łączności.
_eWydawca
_4pbl
260 _aWarszawa :
_bIŁ,
_c1957.
300 _a64 s.;
_c35 cm.
999 _c7537
_d7537